Normal view
MARC view
- Mahmood ,Naila
Entry Personal Name
001 - CONTROL NUMBER
- control field: 122393
003 - CONTROL NUMBER IDENTIFIER
- control field: NUST
005 - DATE AND TIME OF LATEST TRANSACTION
- control field: 20240419112817.0
008 - FIXED-LENGTH DATA ELEMENTS
- fixed length control field: 240419|| aca||aabn | a|a d
040 ## - CATALOGING SOURCE
- Original cataloging agency: NUST
- Transcribing agency: NUST
100 ## - HEADING--PERSONAL NAME
- Personal name: Mahmood ,Naila
670 ## - SOURCE DATA FOUND
- Source citation: Work cat.: (NUST): Mahmood ,Naila , Evaluating the expression of FAM26F in cancers and deciphering its molecular pathways /
